[Event "Liga Insular Gran Canaria 1a Descenso"]
[Site "Las Palmas"]
[Date "2019.06.01"]
[Round "2.3"]
[White "Quintana Diaz, Juan Manuel"]
[Black "Gutierrez Clavijo, Miguel"]
[Result "0-1"]
[WhiteElo "1168"]
[BlackElo "1755"]
[PlyCount "60"]
[EventDate "2019.05.25"]
[EventType "team-tourn"]
[EventRounds "3"]
[EventCountry "ESP"]
[SourceTitle "EXT 2021"]
[Source "ChessBase"]
[SourceDate "2020.10.23"]
[SourceVersion "1"]
[SourceVersionDate "2020.10.23"]
[SourceQuality "1"]
[WhiteTeam "Panaderia Pulido San Mateo II"]
[BlackTeam "Villa de Teror II"]
[WhiteTeamCountry "ESP"]
[BlackTeamCountry "ESP"]

1. d4 d5 2. e3 Nf6 3. c4 c6 4. Nc3 e6 5. c5 Nbd7 6. Nf3 Be7 7. Be2 Qc7 8. 0-0 e5 9. dxe5 Nxe5 10. b4 b6 11. cxb6 axb6 12. b5 Nfg4 13. g3 Bf6 14. Qb3 Be6 15. Qb4 c5 16. Qf4 Nxf3+ 17. Bxf3 Qxf4 18. exf4 Bxc3 19. Rb1 Rxa2 20. Rb3 Bd4 21. Be3 Bxe3 22. fxe3 d4 23. exd4 Bxb3 24. Bxg4 0-0 25. dxc5 bxc5 26. Rb1 c4 27. Bf3 Rb8 28. Bc6 Ra5 29. Re1 g6 30. Re5 c3 0-1

[Event "Liga Insular Gran Canaria Preferente"]
[Site "Las Palmas"]
[Date "2019.04.27"]
[Round "6.4"]
[White "Gutierrez Clavijo, Miguel"]
[Black "Fuentes Perez, Noe"]
[Result "1/2-1/2"]
[WhiteElo "1755"]
[BlackElo "1911"]
[PlyCount "72"]
[EventDate "2019.03.02"]
[EventType "team-tourn"]
[EventRounds "9"]
[EventCountry "ESP"]
[SourceTitle "EXT 2021"]
[Source "ChessBase"]
[SourceDate "2020.10.23"]
[SourceVersion "1"]
[SourceVersionDate "2020.10.23"]
[SourceQuality "1"]
[WhiteTeam "Villa de Teror"]
[BlackTeam "Fundacion La Caja de Canarias"]
[WhiteTeamCountry "ESP"]
[BlackTeamCountry "ESP"]

1. e4 c5 2. Nf3 e6 3. c4 d6 4. Nc3 Nf6 5. d3 Nc6 6. Be2 g6 7. Bg5 h6 8. Bd2 Bg7 9. Qc1 a6 10. Bd1 Ng4 11. Bf4 Nge5 12. Bxe5 Nxe5 13. Nxe5 Bxe5 14. Ba4+ Bd7 15. Bxd7+ Qxd7 16. a4 b6 17. f4 Bd4 18. Ne2 Bg7 19. 0-0 f5 20. Qc2 0-0 21. Rad1 b5 22. d4 cxd4 23. Nxd4 Rfc8 24. axb5 axb5 25. b3 bxc4 26. exf5 cxb3 27. Qxb3 Bxd4+ 28. Rxd4 gxf5 29. Rd3 Kh7 30. Re1 d5 31. Qb2 Rc6 32. Qf6 Rg8 33. g3 Rg6 34. Qe5 Rc2 35. Ra1 Qb7 36. Qd4 Ra2 1/2-1/2

[Event "Canarias-chT"]
[Site "Vecindario"]
[Date "2018.06.02"]
[Round "5.1"]
[White "Garcia Almeida, Aitana Maria"]
[Black "Gutierrez Clavijo, Miguel"]
[Result "0-1"]
[WhiteElo "1606"]
[BlackElo "1754"]
[PlyCount "76"]
[EventDate "2018.05.31"]
[EventType "team-swiss"]
[EventRounds "6"]
[EventCountry "ESP"]
[SourceTitle "EXT 2024"]
[Source "ChessBase"]
[SourceDate "2023.10.10"]
[SourceVersion "1"]
[SourceVersionDate "2023.10.10"]
[SourceQuality "1"]
[WhiteTeam "Grandama Santa Lucia III"]
[BlackTeam "Sociedad La Montana II"]
[WhiteTeamCountry "ESP"]
[BlackTeamCountry "ESP"]

1. Nf3 Nf6 2. g3 Nc6 3. Bg2 d5 4. d3 Bg4 5. Nbd2 e5 6. 0-0 Bd6 7. e4 dxe4 8. dxe4 Qd7 9. c3 h6 10. Qc2 Bh3 11. Nc4 Bxg2 12. Kxg2 Qe7 13. Nxd6+ Qxd6 14. Be3 0-0 15. Rad1 Qe7 16. b4 b6 17. h3 Rad8 18. Nh4 Qe6 19. Nf5 Qc4 20. a3 Qxe4+ 21. Qxe4 Nxe4 22. c4 Nc3 23. Rxd8 Rxd8 24. f4 f6 25. fxe5 Nxe5 26. Bd4 Ne4 27. Bxe5 fxe5 28. Re1 Rd2+ 29. Kg1 Ng5 30. Nh4 Nxh3+ 31. Kh1 Nf2+ 32. Kg1 Nd3 33. Nf3 Nxe1 34. Nxd2 Nc2 35. Nf3 e4 36. Ne5 Nxa3 37. Kf2 e3+ 38. Kxe3 Nc2+ 0-1

[Event "Canarias-chT"]
[Site "Vecindario"]
[Date "2018.06.02"]
[Round "4.1"]
[White "Gutierrez Clavijo, Miguel"]
[Black "Donate Villalba, Juan Francisco"]
[Result "0-1"]
[WhiteElo "1754"]
[BlackElo "1869"]
[PlyCount "120"]
[EventDate "2018.05.31"]
[EventType "team-swiss"]
[EventRounds "6"]
[EventCountry "ESP"]
[SourceTitle "EXT 2019"]
[Source "ChessBase"]
[SourceDate "2018.10.10"]
[SourceVersion "1"]
[SourceVersionDate "2018.10.10"]
[SourceQuality "1"]
[WhiteTeam "Sociedad La Montana II"]
[BlackTeam "Hotel Avda de Canarias II"]
[WhiteTeamCountry "ESP"]
[BlackTeamCountry "ESP"]

1. e4 e5 2. Nf3 Nc6 3. Bb5 Nf6 4. Nc3 d6 5. d3 Be7 6. h3 0-0 7. Be3 a6 8. Ba4 b5 9. Bb3 Na5 10. Qd2 c5 11. Nd5 Nc6 12. Nxe7+ Nxe7 13. Bg5 Ng6 14. c4 b4 15. g4 Bd7 16. Qd1 h6 17. Be3 Ne8 18. g5 hxg5 19. Bxg5 f6 20. Be3 f5 21. Bg5 Qc8 22. Nh4 Nxh4 23. Bxh4 fxe4 24. dxe4 Rf4 25. Bg5 Rxe4+ 26. Be3 Bc6 27. Rg1 Qxh3 28. Qe2 Rh4 29. Kd2 Nf6 30. Rad1 Bf3 31. Qd3 Bxd1 32. Bxd1 Rd4 33. Bxd4 Qxd3+ 34. Kxd3 cxd4 35. Bf3 Re8 36. Bc6 Rf8 37. f3 Kf7 38. a4 a5 39. f4 Rh8 40. fxe5 dxe5 41. c5 Rc8 42. Bb5 Rxc5 43. Rd1 Rc8 44. Bc4+ Ke7 45. Rg1 Ne8 46. b3 Rd8 47. Ke4 Kd6 48. Bb5 Nf6+ 49. Kd3 Rh8 50. Rxg7 Rh3+ 51. Kc2 Rc3+ 52. Kd1 Rxb3 53. Rf7 Ne4 54. Ba6 Ra3 55. Rh7 Rxa4 56. Rh6+ Kc5 57. Rh5 Nc3+ 58. Kc1 Ra1+ 59. Kc2 Re1 60. Kd2 Re3 0-1

[Event "Las Palmas Insular-chT Segunda 1718"]
[Site "Las Palmas"]
[Date "2017.12.16"]
[Round "4.2"]
[White "Gutierrez Clavijo, Miguel"]
[Black "Fernandez de la Hoz A, Carlos"]
[Result "1-0"]
[WhiteElo "1765"]
[BlackElo "1685"]
[PlyCount "45"]
[EventDate "2017.10.28"]
[EventType "team-swiss"]
[EventRounds "9"]
[EventCountry "ESP"]
[SourceTitle "EXT 2019"]
[Source "ChessBase"]
[SourceDate "2018.10.10"]
[SourceVersion "1"]
[SourceVersionDate "2018.10.10"]
[SourceQuality "1"]
[WhiteTeam "Sociedad La Montana II"]
[BlackTeam "Mogan"]
[WhiteTeamCountry "ESP"]
[BlackTeamCountry "ESP"]

1. d4 Nf6 2. Nf3 d5 3. Bf4 Bg4 4. e3 e6 5. c3 Bd6 6. Bg5 Nbd7 7. Nbd2 c5 8. Bb5 a6 9. Bxf6 Qxf6 10. Bxd7+ Kxd7 11. dxc5 Bxc5 12. Qa4+ Ke7 13. Qxg4 h6 14. Qf4 Qxf4 15. exf4 Rhe8 16. 0-0 Kf8 17. Nb3 Bd6 18. g3 Rac8 19. Rad1 b6 20. f5 Bb8 21. Rfe1 Rcd8 22. fxe6 fxe6 23. Ne5 1-0

[Event "Gran Canaria Santana Memorial 4th"]
[Site "Gran Canaria"]
[Date "2015.12.11"]
[Round "9"]
[White "Camino Carrio, Nicanor"]
[Black "Gutierrez Clavijo, Miguel"]
[Result "1/2-1/2"]
[WhiteElo "1991"]
[BlackElo "2037"]
[PlyCount "23"]
[EventDate "2015.11.20"]
[EventType "swiss"]
[EventRounds "9"]
[EventCountry "ESP"]
[SourceTitle "EXT 2017"]
[Source "ChessBase"]
[SourceDate "2016.10.25"]
[SourceVersion "1"]
[SourceVersionDate "2016.10.25"]
[SourceQuality "1"]

1. e4 e5 2. Nf3 Nf6 3. Nxe5 d6 4. Nf3 Nxe4 5. Nc3 Nf6 6. d4 Be7 7. Bd3 0-0 8. h3 Nc6 9. a3 a6 10. 0-0 h6 11. Re1 Re8 12. Bf4 1/2-1/2

[Event "Gran Canaria Santana Memorial 4th"]
[Site "Gran Canaria"]
[Date "2015.11.23"]
[Round "2"]
[White "Gutierrez Clavijo, Miguel"]
[Black "Rossello Padron, Carlos Eduardo"]
[Result "1-0"]
[WhiteElo "2037"]
[BlackElo "1843"]
[PlyCount "153"]
[EventDate "2015.11.20"]
[EventType "swiss"]
[EventRounds "9"]
[EventCountry "ESP"]
[SourceTitle "EXT 2017"]
[Source "ChessBase"]
[SourceDate "2016.10.25"]
[SourceVersion "1"]
[SourceVersionDate "2016.10.25"]
[SourceQuality "1"]

1. d4 Nf6 2. c4 c5 3. d5 b5 4. Nd2 g6 5. g3 Bb7 6. Bg2 e6 7. Bf3 exd5 8. cxd5 Nxd5 9. Qb3 Qg5 10. Nh3 Qf5 11. Nf4 c4 12. Nxc4 Bc6 13. Nxd5 bxc4 14. Qc3 Bxd5 15. Qxh8 Nc6 16. Bh6 Ke7 17. Qxh7 Bxf3 18. exf3 Qxf3 19. Bxf8+ Rxf8 20. Qh4+ f6 21. 0-0 Ne5 22. Rfe1 Qd5 23. Qe4 Qxe4 24. Rxe4 d5 25. Re3 Kd6 26. Ra3 Nc6 27. Rd1 Kc5 28. Rc1 Kb4 29. Re3 Ne5 30. b3 Rc8 31. bxc4 dxc4 32. f4 Nd7 33. Rb1+ Kc5 34. Rb7 Kd4 35. Kf2 Nc5 36. Rb1 Ne4+ 37. Rxe4+ Kxe4 38. Ke2 Rd8 39. Rc1 Rc8 40. Kd2 Kd4 41. Kc2 Re8 42. Rd1+ Kc5 43. Rd2 Kb4 44. a3+ Kxa3 45. Kc3 Re6 46. Kxc4 Rb6 47. Rd3+ Ka2 48. h4 a5 49. Rd2+ Kb1 50. Rd5 a4 51. Ra5 Rb3 52. Rxa4 Rxg3 53. Ra6 f5 54. Kd4 Rg4 55. Ke5 Kc2 56. Rd6 Rg1 57. h5 gxh5 58. Kxf5 h4 59. Rh6 Kd3 60. Rxh4 Kd4 61. Rh8 Rf1 62. Rd8+ Ke3 63. Re8+ Kd4 64. Kg5 Kd5 65. f5 Kd6 66. Kg6 Rg1+ 67. Kf7 Kd7 68. Re2 Rg3 69. Rd2+ Kc6 70. f6 Rg1 71. Kf8 Rg5 72. f7 Rg4 73. Rh2 Kd7 74. Rh6 Rf4 75. Rg6 Rf3 76. Rg2 Ke6 77. Kg8 1-0